01206nam a2200253Ii 45000010006000000050017000060080041000230400033000640820021000971100035001182450142001532640081002953000041003763360029004173370029004463380028004755000116005036500046006196500052006657000034007179420009007519990017007609520175007775572620260203194327.0241108s9999||||xx |||||||||||||| ||und|| aCO-ViMGAbspaerdacCO-ViMGA04a709.86bB15n2231 aBanco de la república94415310aNuevos nombres :bLina Espinosa, Martha Lucia Millán, Marcela Montesalve, Elizabeth Pérez, Iván RickenmanncBanco de la república 1aBogotá, Colombia : bBanco de la República. Departamento Editorialc1993 a21 páginas bfotos a colorc20 cm. atextobtxt2rdacontenido ano mediadobn2rdamedio  avolumenbnc2rdasoporte aExposición realizada en la Biblioteca Luis Ángel Arango, durante el 19 de Agosto y el 24 de octubre de 199317aArte colombiano vExposiciones. 2BLAAUTO17aArtistas colombianos vExposiciones. 2BLAAUTO 1 aEspinosa, Lina María, 1964- cCART c55726d55726 102ddc406709_860000000000000_B15N709108822aMEVIGERRbMEVIGERRcGENd2006-11-27hVol.1o709.86 B15npECA7092r2024-11-26 10:51:00tEj.1w2024-11-26yCARTz7110 | 9976